| 000 | 00640cam a22002291 4500 | ||
|---|---|---|---|
| 001 | af 49000387 | ||
| 003 | DLC | ||
| 005 | 20260227110915.0 | ||
| 008 | 880504s1947 gw b 000 0 ger c | ||
| 010 | _aaf 49000387 | ||
| 035 | _a(OCoLC)17895757 | ||
| 040 |
_aYale Univ. Library _cMiDW _dDLC |
||
| 042 | _apremarc | ||
| 050 | 0 | 0 |
_aPN99.G4 _bG6 1947 |
| 082 | _a809 | ||
| 100 | 2 |
_aGoldschmit-Jentner, Rudolf Karl, _d1890- _eed. |
|
| 245 | 1 | 4 |
_aDer kluge Zeitgenosse; _bFehl-Urteile der Kritik. |
| 260 |
_aHeidelberg, _bC. Pfeffer, _c1947. |
||
| 300 |
_a205 p. _c19 cm. |
||
| 504 | _a"Benutzte Quellen": p. 198-202. | ||
| 650 | 0 | _aCriticism. | |
| 999 |
_c6596 _d6596 |
||